00836nam a2200229 a 4500003000900000005001700009007000300026008004100029020001800070040002500088082001500113100002300128245014700151260003800298300002700336490001800363500006900381500005500450504002800505700002400533710004900557DO-SdBNP20240829113922.0ta190314s2022 d 000 spa d a9789945616675 aDO-SdBNPbspacBNPHU axxxbV145h1 aValdés, Julián10aHaciendo realidad un sueño :bla educación superior de los dominicanos en la CNY /cJulián A. Valdés Ramírez ; prólogo Pablo Ulloa aSanto Domingo :bFUNGLODE,c2022. a82 p. ;bgraf.c23 cm.1 aEducación ; aIncluye datos biográficos el autor en la solapa de la cubierta aIncluye notas y bibliografías a pie de paginas.  aBibliografía p: 79-8212aUlloa, Pabloeprol.2 aFundación Global Democracía y Desarrollo